Transcriptome analysis reveals novel features of the molecular events occurring in the laticifers of Hevea brasiliensis (para rubber tree) (Record no. 71466)

MARC details
000 -LEADER
fixed length control field 00616nam a2200217Ia 4500
100 ## - MAIN ENTRY--AUTHOR NAME
Personal name Ko Jae-Heung
245 #0 - TITLE STATEMENT
Title Transcriptome analysis reveals novel features of the molecular events occurring in the laticifers of Hevea brasiliensis (para rubber tree)
260 ## - PUBLICATION, DISTRIBUTION, ETC. (IMPRINT)
Name of publisher Plant Molecular Biology
Year of publication 2003
300 ## - PHYSICAL DESCRIPTION
Number of Pages 479-492
520 ## - SUMMARY, ETC.
Summary, etc Doc list 2003(4)
650 ## - SUBJECT ADDED ENTRY--TOPICAL TERM
Topical Term cDNA-AFLP
650 ## - SUBJECT ADDED ENTRY--TOPICAL TERM
Topical Term ESTs
650 ## - SUBJECT ADDED ENTRY--TOPICAL TERM
Topical Term Hevea
650 ## - SUBJECT ADDED ENTRY--TOPICAL TERM
Topical Term Latex
650 ## - SUBJECT ADDED ENTRY--TOPICAL TERM
Topical Term Laticifers
650 ## - SUBJECT ADDED ENTRY--TOPICAL TERM
Topical Term Rubber
700 ## - ADDED ENTRY--PERSONAL NAME
Personal name Chow Keng-See
700 ## - ADDED ENTRY--PERSONAL NAME
Personal name Han Kyung-Hwan
942 ## - ADDED ENTRY ELEMENTS (KOHA)
Koha item type Journals
Holdings
Withdrawn status Lost status Damaged status Not for loan Home library Current library Shelving location Date acquired Serial Enumeration / chronology Koha item type
      Journals RRII Library RRII Library Plant physiology 17/12/2021 Volume 53, Issue 4 Journals